000 005730000a22001810004500
003 MACL
005 20160522130354.0
008 160522b xxu||||| |||| 00| 0 eng d
040 _aMACL
_cMACL
041 _aHindi
082 _a891.433
100 _aजोशी, मालती
_958760
245 _aवो तेरा घर ये मेरा घर
_cमालती जोशी
260 _bपरमेश्‍वरी प्रकाशन
_c2008
_aदिल्‍ली
350 _a90
650 _aStories
_958761
942 _cHIN
_k891.433/JOS/S
_2ddc
999 _c22428
_d22428